| 000 | 01400nam a2200325 c 4500 | ||
|---|---|---|---|
| 999 |
_c72963 _d72963 |
||
| 003 | BLK | ||
| 005 | 20210209093237.0 | ||
| 008 | 180408b bul|||||r ||||||| ||bul|| | ||
| 010 | _aKNG00077343000 | ||
| 020 | _a978-954-491-327-4 | ||
| 040 | _aBLK | ||
| 041 |
_aBUL _cBUL |
||
| 080 |
_aБалетни танци (класически и модерни). Характерни танци. Вж и 78.085.5; 78.085.7; 792.8 _b793.32 _x(02.062) _z793.32(02.062) |
||
| 139 |
_aИлиева, Мария _bИ 52 |
||
| 245 | 1 | 0 |
_aМоят балет _cтекст Мария Илиева; фотогр. Борис Димитров. |
| 257 | _aBGR | ||
| 260 |
_bЖанет 45 _c2007 _aПловдив |
||
| 300 |
_a48 с. _bс цв. ил. _c28 см _eCD |
||
| 380 | _a7 | ||
| 500 | _aПсевд. на авт. Мария Илиева - Маша ; Други фотогр. : В. Викторов, И. Илиев, З. Деков. - Прил. със същото загл. и сигн. CD 1907. | ||
| 650 | 4 |
_aБалет _9147951 |
|
| 653 | _aбалет | ||
| 700 | 1 |
_aИлиева, Мария _eтекст _gИванова, Мария Илиева _9363450 |
|
| 700 | 1 |
_aДимитров, Борис _eфотогр. _9369596 |
|
| 852 | _aЦб ІІ 14692 | ||
| 856 | 4 | _qpdf | |
| 856 | 4 | _qpdf | |
| 942 |
_cKNG _n0 _01 _s1 |
||
| 944 |
_aCR _c13.08.2007 _lф / _kЛюдмила_Стоянова |
||
| 944 |
_aED _c27.01.2012 _lф / |
||
| 999 | _d72963 | ||